QUEST Central Library Banner

The arab civilization / (Record no. 13268)

MARC details
000 -LEADER
fixed length control field 00787nam a2200169 a 4500
020 ## - INTERNATIONAL STANDARD BOOK NUMBER
ISBN 1443784680 (paperback)
020 ## - INTERNATIONAL STANDARD BOOK NUMBER
ISBN 9781443784689 (paperback)
100 1# - MAIN ENTRY--AUTHOR NAME
Personal name Hell, Joseph.
245 14 - TITLE STATEMENT
Title The arab civilization /
260 ## - PUBLICATION, DISTRIBUTION, ETC. (IMPRINT)
Place of publication [S.l.] :
Name of publisher Porter Press,
Year of publication 2008.
300 ## - PHYSICAL DESCRIPTION
Number of Pages 160 p. ;
520 ## - SUMMARY, ETC.
Summary, etc Many of the earliest books, particularly those dating back to the 1900s and before, are now extremely scarce and increasingly expensive. We are republishing these classic works in affordable, high quality, modern editions, using the original text and artwork.
856 40 - ELECTRONIC LOCATION AND ACCESS
Uniform Resource Identifier http://www.amazon.com/exec/obidos/ASIN/1443784680/chopaconline-20
Holdings
Withdrawn status Lost status Home library Current library Date acquired Cost, normal purchase price Full call number Accession Number Koha item type
  Lost and Paid For Central Library, QUEST, Nawabshah Central Library, QUEST, Nawabshah 22/04/2015 25.00 297.901HEL 9502 Books

Copyright © 2018,The QUEST, Nawabshah, Shaheed Benazirabad. All rights reserved
Mr. G. Farooq Channar (Librarian) QUEST, Nawabshah, Sindh, Pakistan 67480.
 Ph#: |   0244-9370381-4 Ext. 2308   Email| lib@quest.edu.pk   Web|  http://www.quest.edu.pk